| 000 | 00904cab a2200277 4500 | ||
|---|---|---|---|
| 001 | ABS59424 | ||
| 008 | 090401t1998 xxu||||| |||| 00| 0 eng d | ||
| 035 | _a(Sirsi) u89279 | ||
| 041 | _aeng | ||
| 100 | _aMathiason, N. | ||
| 245 | _aScared stiff | ||
| 260 | _c1998 | ||
| 350 | _a0 | ||
| 490 |
_aEstates Gazette _v(9841) 10 October 1998, 66-67(2) |
||
| 520 | _aReports on how the deepening worldwide crisis in the financial markets has affected the City property market, with a number of major deals with leaders in the sector having been cancelled or put on hold. | ||
| 650 | _aACQUISITIONS | ||
| 650 | _aBANKING SECTOR | ||
| 650 | _aCITY OF LONDON | ||
| 650 | _aCUTBACKS | ||
| 650 | _aFINANCIAL CRISIS | ||
| 650 | _aFINANCIAL MARKETS | ||
| 650 | _aINSTITUTIONAL INVESTORS | ||
| 690 | _aPROPERTY-COMMERCIAL PROPERTY-COMMERCIAL PROPERTY MARKET | ||
| 942 | _n0 | ||
| 948 | _c27/10/1998 | ||
| 999 |
_c56460 _d56460 |
||